000 01150nam a2200313 a 4500
001 000112398
003 CHAP
005 20220329144303.0
008 160309s2016 mx a fsm |||||||spa d
010 _a108859
011 _a109831
040 _cCHAP
090 _aTesis
100 1 _aLópez Mondragón, Alan Cuahutémoc
_9130667
245 1 0 _aElaboración, evaluación sensorial y aceptación de cerveza artesanal, emplea (Hordeum vulgare)y fruta /
_h[En línea]
_cpor Alan Cuahutémoc López Mondragón.
260 _aChapingo, Méx. :
_bEl autor,
_c2016.
500 _aPara ver el contenido del material haga clic en la liga
502 _aTesis (Ing. Agroindustrial) -- UACH. Departamento de Ingenieria Agroindustrial
590 _aE5995AHE
_b05
_c20160309
_lUCH01
_h1247
590 _aE5995AHE
_b05
_c20160309
_lUCH01
_h1253
590 _aE5995AHE
_b05
_c20160310
_lUCH01
_h1038
650 1 4 _aBebidas
_xElaboración.
_9125700
650 1 4 _aCebada.
_920652
650 1 4 _aCerveza artesanal
_xIndustria.
_9126157
856 _aFinding aid
_uhttp://10.13.5.2/tesis/sist112398.pdf
_zTeclea aquí
901 _aBK
942 _cTESIS
942 _n0
999 _c108859
_d108859